[Event "Gausdal Troll Masters"]
[Site "Gausdal, Norway"]
[Date "2003.01.12"]
[Round "7"]
[White "Ovsejevitsch, Sergei"]
[Black "Miezis, Normunds"]
[Result "1/2-1/2"]
[WhiteElo "2517"]
[BlackElo "2523"]
[PlyCount "61"]
[EventDate "2003.01.??"]
[Source "EeEk"]
[SourceDate "2003.01.08"]

1. d4 e6 2. c4 b6 3. a3 Bb7 4. Nc3 Nf6 5. d5 Bd6 6. Nf3 O-O 7. e4 exd5 8. exd5
Na6 9. Be2 Nc5 10. O-O Re8 11. Bg5 Be7 12. Bf4 Nh5 13. Be3 g6 14. b4 Bf6 15.
Qc2 Bxc3 16. Qxc3 Ne4 17. Qc2 c6 18. dxc6 dxc6 19. c5 bxc5 20. bxc5 Nhf6 21.
Bd3 Bc8 22. Rfe1 Qd5 23. Bc4 Qh5 24. Bd4 Bh3 25. Re3 Qg4 26. Nh4 Nd5 27. Bxd5
cxd5 28. Rxh3 Ng5 29. Rd3 Qxh4 30. Rad1 Ne6 31. g3 1/2-1/2

[Event "Gausdal Troll Masters"]
[Site "Gausdal, Norway"]
[Date "2003.01.12"]
[Round "7"]
[White "Womacka, Mathias"]
[Black "Kallio, Heikki"]
[Result "0-1"]
[WhiteElo "2496"]
[BlackElo "2474"]
[PlyCount "112"]
[EventDate "2003.01.??"]
[Source "EeEk"]
[SourceDate "2003.01.08"]

1. e4 e5 2. Nf3 Nc6 3. Bb5 a6 4. Bxc6 dxc6 5. O-O f6 6. d4 Bg4 7. c3 Bd6 8. Be3
Ne7 9. Nbd2 Qd7 10. dxe5 fxe5 11. h3 Be6 12. Ng5 Bg8 13. Qh5+ Ng6 14. b4 O-O-O
15. Nb3 Qe7 16. Nf3 Rf8 17. Nc5 Kb8 18. Qg4 Ka8 19. Nd2 Rb8 20. Nxa6 bxa6 21.
Qe2 Kb7 22. Nb3 Bxb3 23. axb3 Ra8 24. Ra5 Qe6 25. Rfa1 Kc8 26. Rxa6 Rxa6 27.
Qxa6+ Kd7 28. c4 Bxb4 29. Qb7 Be7 30. Rd1+ Ke8 31. Qxc7 Kf7 32. Bc5 Qc8 33. Qa7
Qb8 34. Qd7 Rd8 35. Qf5+ Ke8 36. Rxd8+ Qxd8 37. Bxe7 Kxe7 38. h4 Qd1+ 39. Kh2
Qd2 40. g3 Qd6 41. Qc8 Nf8 42. b4 Qd4 43. Qxc6 Qxf2+ 44. Kh3 Ne6 45. c5 h5 46.
Qd6+ Kf6 47. Qd1 Qe3 48. Kh2 Qxe4 49. Qxh5 Qxb4 50. c6 Qc4 51. Qf3+ Ke7 52.
Qa3+ Qc5 53. Qa4 Nd4 54. h5 Qxc6 55. Qb4+ Kf7 56. g4 Qc2+ 0-1

[Event "Gausdal Troll Masters"]
[Site "Gausdal, Norway"]
[Date "2003.01.12"]
[Round "7"]
[White "Hanley, Craig"]
[Black "Westerinen, Heikki"]
[Result "1-0"]
[WhiteElo "2359"]
[BlackElo "2374"]
[PlyCount "137"]
[EventDate "2003.01.??"]
[Source "EeEk"]
[SourceDate "2003.01.08"]

1. e4 e5 2. Nf3 Nc6 3. Bb5 Nf6 4. O-O Nxe4 5. d4 Nd6 6. Bxc6 dxc6 7. dxe5 Ne4
8. Qe2 Bf5 9. Rd1 Qc8 10. Rd4 Nc5 11. Be3 Ne6 12. Rd2 Bb4 13. Nc3 Bg4 14. h3
Bxf3 15. Qxf3 O-O 16. Rd3 f5 17. exf6 Rxf6 18. Qe4 Bxc3 19. Rxc3 Qe8 20. Rb3 b6
21. Rd3 Nf4 22. Qxe8+ Rxe8 23. Bxf4 Rxf4 24. Kf1 Rc4 25. Rd2 Kf7 26. Re1 Rxe1+
27. Kxe1 Ke7 28. Kd1 a5 29. Rd3 Rb4 30. Re3+ Kd7 31. b3 Rb5 32. Rg3 g6 33. Rd3+
Ke7 34. Rc3 Kd6 35. f4 a4 36. Ke2 axb3 37. axb3 Rf5 38. Ke3 h5 39. g4 hxg4 40.
hxg4 Rf7 41. Rd3+ Ke7 42. Ke4 Kf6 43. Rd8 Re7+ 44. Kf3 c5 45. Rd5 Rh7 46. g5+
Ke6 47. Rd8 Rh2 48. Rf8 Rxc2 49. Rf6+ Kd5 50. f5 gxf5 51. g6 Ke5 52. g7 Rc3+
53. Kg2 Rc2+ 54. Kh3 Rc3+ 55. Kh4 Rc1 56. Re6+ Kf4 57. Kh5 Rg1 58. Kh6 b5 59.
Kh7 Rxg7+ 60. Kxg7 c4 61. bxc4 bxc4 62. Kf6 c3 63. Re1 c5 64. Ke6 c4 65. Kd5 c2
66. Kxc4 Kg3 67. Kd3 f4 68. Ke2 Kg2 69. Rc1 1-0

[Event "Gausdal Troll Masters"]
[Site "Gausdal, Norway"]
[Date "2003.01.12"]
[Round "7"]
[White "Lugovoi, Aleksei"]
[Black "Leer-Salvesen, Bjarte"]
[Result "1-0"]
[WhiteElo "2540"]
[BlackElo "2329"]
[PlyCount "123"]
[EventDate "2003.01.??"]
[Source "EeEk"]
[SourceDate "2003.01.08"]

1. d4 e6 2. c4 d5 3. Nf3 c6 4. Bg5 Be7 5. Bxe7 Qxe7 6. Nc3 Nd7 7. e3 Ngf6 8.
Qb3 O-O 9. Rd1 a6 10. Be2 b5 11. cxd5 cxd5 12. O-O Bb7 13. Ne1 Rfc8 14. Nd3 Ne4
15. Nb1 Nd6 16. Rc1 Nc4 17. Qd1 a5 18. b3 Nd6 19. Rxc8+ Rxc8 20. Qd2 b4 21. Rc1
Qd8 22. a3 Ne4 23. Qb2 bxa3 24. Qxa3 Rxc1+ 25. Qxc1 Ba6 26. f3 Nd6 27. Bf1 Bxd3
28. Bxd3 Qc8 29. Qxc8+ Nxc8 30. Kf2 Ndb6 31. Nc3 f5 32. e4 g6 33. Ba6 fxe4 34.
fxe4 Nd6 35. e5 Nf5 36. Ne2 a4 37. bxa4 Nxa4 38. g4 Ng7 39. Bb5 Nb6 40. Ke3 g5
41. Kd3 Kf7 42. Kc3 Ke7 43. Kb4 Nd7 44. Bd3 h6 45. Kb5 Ne8 46. Kc6 Nb8+ 47. Kb7
Nd7 48. Nc3 Ng7 49. Nb5 h5 50. h3 hxg4 51. hxg4 Ne8 52. Na7 Nf8 53. Kc8 Ng7 54.
Nc6+ Ke8 55. Kc7 Kf7 56. Kd8 Ne8 57. Na7 Ng7 58. Nb5 Ne8 59. Bc2 Ng7 60. Nd6+
Kg8 61. Ke7 Nh7 62. Nf7 1-0

[Event "Gausdal Troll Masters"]
[Site "Gausdal, Norway"]
[Date "2003.01.12"]
[Round "7"]
[White "Kovalevskaya, Ekaterina"]
[Black "Molander, Riku"]
[Result "0-1"]
[WhiteElo "2452"]
[BlackElo "2291"]
[PlyCount "82"]
[EventDate "2003.01.??"]
[Source "EeEk"]
[SourceDate "2003.01.08"]

1. e4 c5 2. d3 Nc6 3. g3 g6 4. Bg2 Bg7 5. f4 d6 6. Nf3 e6 7. O-O Nge7 8. c3 O-O
9. Kh1 b6 10. Qe2 Ba6 11. Nbd2 Qd7 12. Nc4 Rad8 13. Ne3 d5 14. c4 Nd4 15. Qf2
Nxf3 16. Bxf3 dxe4 17. dxe4 Nc6 18. g4 Nb4 19. g5 f6 20. gxf6 Bxf6 21. Qg3 Bb7
22. a3 Nd3 23. Ng4 Bg7 24. Be3 Nxb2 25. Rac1 Qd3 26. e5 Bxf3+ 27. Rxf3 Qe4 28.
Nf2 Qc6 29. h4 Nd3 30. Nxd3 Rxd3 31. Kh2 Bxe5 32. Rcf1 Bg7 33. h5 Qe4 34. hxg6
hxg6 35. R1f2 Qf5 36. Qg1 Rxa3 37. Rg2 Kf7 38. Rg5 Rh8+ 39. Kg2 Qe4 40. Qe1
Ra2+ 41. Kg3 Rh3+ 0-1

[Event "Gausdal Troll Masters"]
[Site "Gausdal, Norway"]
[Date "2003.01.12"]
[Round "7"]
[White "Fäldt, Magnus"]
[Black "Harestad, Hans Krogh"]
[Result "1/2-1/2"]
[WhiteElo "2252"]
[BlackElo "2236"]
[PlyCount "124"]
[EventDate "2003.01.??"]
[Source "EeEk"]
[SourceDate "2003.01.08"]

1. d4 Nf6 2. c4 e6 3. Nc3 Bb4 4. Qc2 c5 5. dxc5 Na6 6. a3 Bxc3+ 7. Qxc3 Nxc5 8.
f3 a5 9. Bf4 Qe7 10. e4 d6 11. b4 Na4 12. Qd2 e5 13. Be3 O-O 14. Bd3 Be6 15.
Rc1 Rfc8 16. Ne2 Nd7 17. O-O axb4 18. axb4 Ndb6 19. Nc3 Nxc4 20. Bxc4 Bxc4 21.
Nxa4 Rxa4 22. Rfd1 Rc6 23. b5 Bxb5 24. Rxc6 Bxc6 25. Qxd6 Qxd6 26. Rxd6 Kf8 27.
Bc5 Ke8 28. Bb6 Ra1+ 29. Kf2 Ra2+ 30. Kg3 Rb2 31. Bc7 Rc2 32. Rd8+ Ke7 33. Rb8
f6 34. Rh8 Bb5 35. Bb6 Bf1 36. Bf2 b5 37. Rxh7 Kf7 38. Rh8 b4 39. Rb8 Rb2 40.
Rb7+ Kg6 41. Rc7 Bd3 42. Rd7 Bb5 43. Rb7 Ba6 44. Rb6 Bf1 45. Rc6 Kf7 46. Rc7+
Ke8 47. Rxg7 b3 48. Rb7 Bc4 49. h4 Ra2 50. h5 b2 51. h6 Bg8 52. Be1 Ra1 53.
Rxb2 Rxe1 54. Kh2 Rd1 55. Rb8+ Rd8 56. Rb7 Rd7 57. Rb8+ Kf7 58. Kg3 Bh7 59. Kg4
Kg6 60. Rb6 Rf7 61. f4 exf4 62. e5 Kxh6 1/2-1/2

[Event "Gausdal Troll Masters"]
[Site "Gausdal, Norway"]
[Date "2003.01.12"]
[Round "7"]
[White "Martinsen, Stig K"]
[Black "Hole, Øystein"]
[Result "1-0"]
[WhiteElo "2085"]
[BlackElo "2252"]
[PlyCount "85"]
[EventDate "2003.01.??"]
[Source "EeEk"]
[SourceDate "2003.01.08"]

1. d3 d5 2. f4 Nf6 3. Nf3 e6 4. g3 b6 5. Bg2 Bb7 6. O-O Nbd7 7. Qe1 c5 8. Nbd2
Qc7 9. e4 dxe4 10. dxe4 c4 11. e5 Nd5 12. Ne4 Be7 13. f5 Nxe5 14. fxe6 f6 15.
Nxe5 Qxe5 16. Nc3 Qxe1 17. Rxe1 O-O-O 18. Nxd5 Bxd5 19. Bh3 Kb7 20. Be3 Rhe8
21. Rad1 Bf3 22. Rd7+ Ka8 23. Bf1 Rxd7 24. exd7 Rd8 25. Bh3 Bd6 26. Bf4 Bc5+
27. Kf1 Bc6 28. Rd1 Kb7 29. Be6 b5 30. h4 h6 31. Ke2 g5 32. Bd2 Kc7 33. Bc3 Rf8
34. Ba5+ Bb6 35. Bb4 Rh8 36. Be7 Kb7 37. d8=Q Bxd8 38. Rxd8 Rxd8 39. Bxd8 Be4
40. Bxf6 gxh4 41. gxh4 Bxc2 42. Kd2 Bb1 43. a3 1-0

[Event "Gausdal Troll Masters"]
[Site "Gausdal, Norway"]
[Date "2003.01.12"]
[Round "7"]
[White "Nolsøe, Eydun"]
[Black "Stokke, Kjetil"]
[Result "1/2-1/2"]
[WhiteElo "2236"]
[BlackElo "2136"]
[PlyCount "96"]
[EventDate "2003.01.??"]
[Source "EeEk"]
[SourceDate "2003.01.08"]

1. e4 c5 2. Nf3 Nc6 3. d4 cxd4 4. Nxd4 g6 5. c4 Bg7 6. Be3 Nf6 7. Nc3 O-O 8.
Be2 d6 9. h3 Bd7 10. Nc2 a6 11. O-O Rc8 12. Qd2 Ne5 13. b3 Bc6 14. f4 Ned7 15.
Bf3 Nc5 16. Bxc5 dxc5 17. Qe3 e5 18. f5 gxf5 19. exf5 e4 20. Be2 Qd6 21. g4
Rfd8 22. g5 Qd2 23. Rac1 Ng4 24. Qxd2 Rxd2 25. f6 Nxf6 26. gxf6 Bh6 27. Bg4
Rcd8 28. Nd5 Bxd5 29. cxd5 R8xd5 30. Rcd1 e3 31. Rxd2 exd2 32. Kf2 Re5 33. a4
Bg5 34. Rd1 b5 35. axb5 axb5 36. Na3 h5 37. Bf3 Re3 38. h4 Bf4 39. Nb1 Rxb3 40.
Nxd2 Rb2 41. Ke1 Bg3+ 42. Kf1 Be5 43. Ne4 Bd4 44. Bxh5 Rh2 45. Nd6 Rxh4 46.
Bxf7+ Kf8 47. Bd5 Rf4+ 48. Ke2 Rxf6 1/2-1/2

[Event "Gausdal Troll Masters"]
[Site "Gausdal, Norway"]
[Date "2003.01.12"]
[Round "7"]
[White "Fossum, Øystein Bøyum"]
[Black "Charleshouse, Glenn"]
[Result "1/2-1/2"]
[WhiteElo "2167"]
[BlackElo "2284"]
[PlyCount "67"]
[EventDate "2003.01.??"]
[Source "EeEk"]
[SourceDate "2003.01.08"]

1. c4 b6 2. Nc3 e6 3. e4 Bb7 4. g3 c5 5. Bg2 Nf6 6. Nge2 d6 7. O-O Nbd7 8. d3
Qc7 9. f4 Be7 10. h3 O-O 11. g4 Ne8 12. g5 f5 13. Ng3 g6 14. h4 a6 15. h5 b5
16. exf5 Bxg2 17. Kxg2 Qc6+ 18. Kg1 gxf5 19. Qe2 Nc7 20. h6 Rf7 21. Bd2 Nf8 22.
Nd1 b4 23. Ne3 Ng6 24. Ng2 Raf8 25. Rf2 a5 26. a4 Rd8 27. b3 d5 28. Re1 d4 29.
Qh5 Rff8 30. Nh4 Nxh4 31. Qxh4 Kh8 32. Nf1 Bd6 33. Nh2 Rde8 34. Nf3 1/2-1/2

[Event "Gausdal Troll Masters"]
[Site "Gausdal, Norway"]
[Date "2003.01.12"]
[Round "7"]
[White "Poulsen, Martin"]
[Black "Andersen, Alf R"]
[Result "1-0"]
[WhiteElo "2244"]
[BlackElo "2142"]
[PlyCount "65"]
[EventDate "2003.01.??"]
[Source "EeEk"]
[SourceDate "2003.01.08"]

1. e4 d6 2. d4 Nf6 3. Nc3 g6 4. Bg5 Bg7 5. f3 O-O 6. Qd2 c6 7. h4 b5 8. h5 Nxh5
9. Nge2 Re8 10. Bh6 e5 11. g4 Nf6 12. Bxg7 Kxg7 13. Qh6+ Kg8 14. dxe5 Rxe5 15.
f4 Rc5 16. e5 dxe5 17. g5 Ne8 18. Ne4 Rxc2 19. Qxh7+ Kf8 20. Rd1 Qa5+ 21. N2c3
Nd7 22. f5 gxf5 23. g6 Ke7 24. Qxf7+ Kd8 25. Nc5 Kc7 26. Nxd7 Nd6 27. Qe7 Bxd7
28. Qxd6+ Kb6 29. b4 Qa3 30. Qc5+ Kc7 31. Rxd7+ Kxd7 32. Rh7+ Ke6 33. Qxc6# 1-0

[Event "Gausdal Troll Masters"]
[Site "Gausdal, Norway"]
[Date "2003.01.12"]
[Round "7"]
[White "Bjørgvik, Jan Arne"]
[Black "Gambäck, Björn"]
[Result "0-1"]
[WhiteElo "1609"]
[BlackElo "2213"]
[PlyCount "90"]
[EventDate "2003.01.??"]
[Source "EeEk"]
[SourceDate "2003.01.08"]

1. e4 c5 2. Nf3 d6 3. d4 cxd4 4. Nxd4 Nf6 5. Nc3 g6 6. Bc4 Bg7 7. O-O O-O 8. h3
a6 9. a4 b6 10. Be3 Bb7 11. Bd5 Qc7 12. Bxb7 Qxb7 13. Qf3 Nbd7 14. Bg5 h6 15.
Bh4 Rac8 16. Bg3 Nh5 17. Nde2 Nxg3 18. fxg3 Ne5 19. Qf2 Nc4 20. Ra2 Nd2 21. Re1
Nxe4 22. Nxe4 Qxe4 23. c3 Rc5 24. Nd4 Qb7 25. Raa1 Re5 26. Re3 b5 27. axb5 axb5
28. Rxe5 Bxe5 29. Nf3 Bf6 30. Ra7 Qe4 31. Kh2 Ra8 32. Qb6 Rxa7 33. Qxa7 Qe2 34.
Qa3 Kg7 35. Qb4 Qc4 36. Qa5 Qb3 37. Qa1 b4 38. Nd4 Qc4 39. Qe1 bxc3 40. bxc3 e5
41. Ne2 e4 42. Qd2 Qd3 43. Qb2 e3 44. Nc1 Qd2 45. Qa3 Be5 0-1

[Event "Gausdal Troll Masters"]
[Site "Gausdal, Norway"]
[Date "2003.01.12"]
[Round "7"]
[White "Glenne, Bjørn Erik"]
[Black "Ask, Josef"]
[Result "1/2-1/2"]
[WhiteElo "2203"]
[BlackElo "2128"]
[PlyCount "66"]
[EventDate "2003.01.??"]
[Source "EeEk"]
[SourceDate "2003.01.08"]

1. d4 Nf6 2. c4 g6 3. Nc3 Bg7 4. e4 d6 5. f4 O-O 6. Nf3 Na6 7. Bd3 e5 8. fxe5
dxe5 9. d5 c6 10. O-O Ne8 11. Qe2 cxd5 12. Nxd5 Nc5 13. Bg5 f6 14. Bh4 Ne6 15.
Rfd1 Nf4 16. Nxf4 exf4 17. e5 Qb6+ 18. Bf2 Qc7 19. Bd4 Bg4 20. exf6 Nxf6 21. h3
Bh5 22. Qf2 b6 23. c5 bxc5 24. Rac1 Nd7 25. Bc4+ Kh8 26. Bxg7+ Kxg7 27. Be6
Rad8 28. Rxd7+ Rxd7 29. Bxd7 Qxd7 30. Rxc5 Qd1+ 31. Kh2 Bxf3 32. Rc7+ Rf7 33.
Rxf7+ Kxf7 1/2-1/2

[Event "Gausdal Troll Masters"]
[Site "Gausdal, Norway"]
[Date "2003.01.12"]
[Round "7"]
[White "Berg, Olaf"]
[Black "Astengo, Corrado"]
[Result "1-0"]
[WhiteElo "2065"]
[BlackElo "2172"]
[PlyCount "103"]
[EventDate "2003.01.??"]
[Source "EeEk"]
[SourceDate "2003.01.08"]

1. e4 c5 2. f4 d5 3. exd5 Qxd5 4. Nc3 Qd8 5. Nf3 Nf6 6. Bc4 e6 7. O-O Be7 8.
Kh1 O-O 9. Ne5 Nbd7 10. Qf3 Qc7 11. Qe2 a6 12. a4 b6 13. Re1 Bb7 14. Nxf7 Bd5
15. Ne5 Bd6 16. d3 Bxc4 17. dxc4 Rae8 18. Bd2 g6 19. g3 Bxe5 20. fxe5 Nh5 21.
Ne4 Nxe5 22. Rf1 Qc6 23. Kg1 Nd7 24. Bc3 e5 25. Rfd1 Nhf6 26. Ng5 h6 27. Nh3
Qe6 28. Kg2 Nb8 29. a5 Nc6 30. axb6 Nd4 31. Bxd4 cxd4 32. Nf2 Qxb6 33. Qd3 Qc6+
34. Kg1 Kh7 35. Re1 Re7 36. b4 Rb8 37. c5 Rb5 38. c3 dxc3 39. Qxc3 Nd5 40. Qf3
Nxb4 41. Ne4 Kg7 42. Rf1 Rb8 43. Rad1 Qe6 44. Rd6 Qf5 45. Qe2 Qh5 46. g4 Qh3
47. Rff6 Nc6 48. Rxg6+ Kh7 49. Rxh6+ Qxh6 50. Rxh6+ Kxh6 51. Qd2+ Kg7 52. Qg5+
1-0

[Event "Gausdal Troll Masters"]
[Site "Gausdal, Norway"]
[Date "2003.01.12"]
[Round "7"]
[White "Simonsen, Olavur"]
[Black "Hörbing, Stefan"]
[Result "0-1"]
[WhiteElo "2265"]
[BlackElo "2038"]
[PlyCount "94"]
[EventDate "2003.01.??"]
[Source "EeEk"]
[SourceDate "2003.01.08"]

1. e4 c5 2. Nf3 d6 3. c3 Nf6 4. Be2 Nbd7 5. d3 b6 6. O-O Bb7 7. Re1 g6 8. Bg5
Bg7 9. Qd2 O-O 10. Bh6 e5 11. c4 Nh5 12. g3 f5 13. Nc3 Ndf6 14. Bg5 h6 15. Bxf6
Nxf6 16. Bd1 Rf7 17. Nh4 fxe4 18. dxe4 Kh7 19. Nd5 Qf8 20. Bc2 Bc8 21. f4 Nxd5
22. exd5 Bf5 23. Nxg6 Kxg6 24. g4 Bxc2 25. Qxc2+ Kf6 26. fxe5+ Ke7 27. exd6+
Kd8 28. Rf1 Bd4+ 29. Kg2 Rf4 30. Qe2 Qxd6 31. Rxf4 Qxf4 32. Rf1 Qd6 33. Rf7 Rc8
34. Qf3 Ke8 35. Qf5 Rc7 36. Rxc7 Qxc7 37. Qg6+ Qf7 38. Qc6+ Kf8 39. d6 Qf2+ 40.
Kh3 Qe3+ 41. Kg2 Qf2+ 42. Kh3 Qf1+ 43. Kg3 Be5+ 44. Kh4 Qf6+ 45. Kh3 Qxd6 46.
Qa8+ Kg7 47. Qxa7+ Kg6 0-1

[Event "Gausdal Troll Masters"]
[Site "Gausdal, Norway"]
[Date "2003.01.12"]
[Round "7"]
[White "Johansen, Paul"]
[Black "Larsen, Tor Kristian"]
[Result "1-0"]
[WhiteElo "2239"]
[BlackElo "1747"]
[PlyCount "35"]
[EventDate "2003.01.??"]
[Source "EeEk"]
[SourceDate "2003.01.08"]

1. Nf3 Nf6 2. c4 b6 3. Nc3 c5 4. d4 cxd4 5. Nxd4 Bb7 6. Bg5 Ne4 7. Nxe4 Bxe4 8.
f3 Bb7 9. e4 g6 10. Qd2 Bg7 11. O-O-O O-O 12. Bh6 d6 13. Nf5 Bxh6 14. Nxh6+ Kg7
15. h4 Nd7 16. h5 f5 17. hxg6 hxg6 18. exf5 1-0

[Event "Gausdal Troll Masters"]
[Site "Gausdal, Norway"]
[Date "2003.01.12"]
[Round "7"]
[White "Unander, Matts"]
[Black "Lönngren, Tobias"]
[Result "0-1"]
[WhiteElo "2214"]
[BlackElo "2122"]
[PlyCount "96"]
[EventDate "2003.01.??"]
[Source "EeEk"]
[SourceDate "2003.01.08"]

1. d4 d5 2. Bg5 c6 3. Nf3 Qb6 4. b3 Bf5 5. e3 h6 6. Bh4 e6 7. Bd3 Bxd3 8. Qxd3
Nd7 9. O-O Ngf6 10. c4 Be7 11. Nc3 O-O 12. Ne5 Bb4 13. cxd5 exd5 14. Nxd7 Nxd7
15. Rac1 Bxc3 16. Rxc3 f5 17. Be7 Rf7 18. Bd6 Nf8 19. Bxf8 Raxf8 20. g3 g5 21.
f3 Qb4 22. Rc2 Kg7 23. Re2 Qd6 24. Rfe1 Re7 25. Qc2 Qf6 26. Qd3 Rfe8 27. Kh1 h5
28. Rg1 Qg6 29. Rf1 g4 30. f4 Re4 31. Kg1 Qe6 32. Kf2 h4 33. b4 Rh8 34. Ke1
hxg3 35. hxg3 Rh3 36. Rg1 a6 37. a3 Qh6 38. a4 Rh1 39. Reg2 Rxg1+ 40. Rxg1 Qh2
41. Kf1 Qa2 42. Rh1 Qxa4 43. Rh5 Kg6 44. Rh8 Qxb4 45. Rg8+ Kf7 46. Rh8 a5 47.
Rb8 a4 48. Ke2 Qb2+ 0-1

[Event "Gausdal Troll Masters"]
[Site "Gausdal, Norway"]
[Date "2003.01.12"]
[Round "7"]
[White "Torgersen, Terje"]
[Black "Ohlzon, Nils-Johan"]
[Result "1/2-1/2"]
[WhiteElo "1790"]
[BlackElo "2176"]
[PlyCount "27"]
[EventDate "2003.01.??"]
[Source "EeEk"]
[SourceDate "2003.01.08"]

1. Nf3 d5 2. d4 c6 3. c4 dxc4 4. a4 Nf6 5. e3 Be6 6. Qc2 c5 7. Bxc4 Bxc4 8.
Qxc4 cxd4 9. Nxd4 e6 10. Nc3 Be7 11. Ncb5 Na6 12. O-O O-O 13. b3 Qd5 14. Qxd5
1/2-1/2

[Event "Gausdal Troll Masters"]
[Site "Gausdal, Norway"]
[Date "2003.01.12"]
[Round "7"]
[White "Sander, Rolf"]
[Black "Hammer, Jon Ludvig"]
[Result "1/2-1/2"]
[WhiteElo "2048"]
[BlackElo "1752"]
[PlyCount "29"]
[EventDate "2003.01.??"]
[Source "EeEk"]
[SourceDate "2003.01.08"]

1. e4 e5 2. Nf3 Nf6 3. d4 Nxe4 4. Bd3 d5 5. Nxe5 Nd7 6. Nxd7 Bxd7 7. O-O Bd6 8.
Nc3 Be6 9. Nxe4 dxe4 10. Bxe4 Bxh2+ 11. Kxh2 Qh4+ 12. Kg1 Qxe4 13. Re1 Qg6 14.
Bf4 O-O 15. Re3 1/2-1/2

[Event "Gausdal Troll Masters"]
[Site "Gausdal, Norway"]
[Date "2003.01.12"]
[Round "7"]
[White "Korhonen, Pasi"]
[Black "Pedersen, Øyvind"]
[Result "0-1"]
[WhiteElo "2115"]
[BlackElo "2054"]
[PlyCount "76"]
[EventDate "2003.01.??"]
[Source "EeEk"]
[SourceDate "2003.01.08"]

1. e4 c5 2. Nc3 d6 3. Nge2 Nf6 4. d4 cxd4 5. Nxd4 e6 6. g4 h6 7. Be3 Nc6 8. Rg1
a6 9. Be2 Qc7 10. Qd2 b5 11. a3 Bb7 12. O-O-O b4 13. axb4 Nxb4 14. f3 d5 15. e5
Nd7 16. f4 Nc5 17. Kb1 Rc8 18. Bf3 Qa5 19. Nb3 Nxb3 20. cxb3 Bc6 21. Qf2 Rb8
22. f5 Be7 23. g5 hxg5 24. fxe6 fxe6 25. Bxg5 Bc5 26. Be3 Bxe3 27. Qxe3 Rb7 28.
Qg5 Re7 29. h4 Bb5 30. Qg6+ Kd8 31. Qg5 Bd3+ 32. Rxd3 Nxd3 33. Rd1 Nb4 34. h5
Qc5 35. Bg4 Qf2 36. Qd2 Rf8 37. Qg5 Qc2+ 38. Ka1 Rf2 {Time} 0-1

[Event "Gausdal Troll Masters"]
[Site "Gausdal, Norway"]
[Date "2003.01.12"]
[Round "7"]
[White "Bue, Gunnar"]
[Black "Bryn, Askild"]
[Result "1/2-1/2"]
[WhiteElo "1991"]
[BlackElo "1616"]
[PlyCount "36"]
[EventDate "2003.01.??"]
[Source "EeEk"]
[SourceDate "2003.01.08"]

1. d4 f5 2. Nf3 g6 3. c4 Bg7 4. e3 Nf6 5. Bd3 O-O 6. O-O d6 7. Nc3 Nc6 8. a3 e5
9. Be2 e4 10. Nd2 a6 11. f3 Qe7 12. fxe4 fxe4 13. Qc2 Bf5 14. Nd5 Nxd5 15. cxd5
Nxd4 16. exd4 Bxd4+ 17. Kh1 e3 18. Rxf5 Rxf5 1/2-1/2

[Event "Gausdal Troll Masters"]
[Site "Gausdal, Norway"]
[Date "2003.01.12"]
[Round "7"]
[White "Nilsen, Terje"]
[Black "Bryn, Steinar"]
[Result "1/2-1/2"]
[WhiteElo "1794"]
[BlackElo "1561"]
[PlyCount "81"]
[EventDate "2003.01.??"]
[Source "EeEk"]
[SourceDate "2003.01.08"]

1. e4 e5 2. Nf3 Nc6 3. Bb5 a6 4. Ba4 b5 5. Bb3 Bc5 6. O-O Nf6 7. d3 h6 8. c3 d6
9. h3 O-O 10. Re1 Bb7 11. Nbd2 Bb6 12. Nf1 Ne7 13. Ng3 Ng6 14. Nf5 Kh7 15. Qe2
Qd7 16. g3 d5 17. Bc2 c6 18. Kg2 Rad8 19. Nh2 Bc7 20. Ng4 Qe6 21. Nxg7 Kxg7 22.
Bxh6+ Kg8 23. Bxf8 Kxf8 24. Ne3 dxe4 25. dxe4 c5 26. f3 Nh5 27. Qf2 Ngf4+ 28.
gxf4 Nxf4+ 29. Kf1 Qxh3+ 30. Ng2 Nxg2 31. Qxg2 Qxg2+ 32. Kxg2 Rd2+ 33. Kg3 Rxc2
34. Red1 Ke7 35. Rab1 Re2 36. Re1 Rxe1 37. Rxe1 Kf6 38. Rd1 Bc6 39. Kg4 a5 40.
b3 c4 41. Rh1 1/2-1/2

[Event "Gausdal Troll Masters"]
[Site "Gausdal, Norway"]
[Date "2003.01.12"]
[Round "7"]
[White "Saulnier, Jean"]
[Black "Lahlum, Ida"]
[Result "0-1"]
[WhiteElo "1880"]
[BlackElo "1438"]
[PlyCount "80"]
[EventDate "2003.01.??"]
[Source "EeEk"]
[SourceDate "2003.01.08"]

1. d4 d5 2. Nf3 Nf6 3. e3 Bg4 4. c4 c6 5. cxd5 cxd5 6. Qb3 Qc7 7. Nc3 e6 8. Ne5
a6 9. Bd2 Nbd7 10. Bd3 Bd6 11. f4 Rc8 12. O-O Bh5 13. Rac1 Qb8 14. Ne2 Bxe2 15.
Bxe2 Ne4 16. Bb4 Bxb4 17. Qxb4 f6 18. Nd3 Kf7 19. Bf3 Rxc1 20. Rxc1 Rc8 21.
Bxe4 Rxc1+ 22. Nxc1 dxe4 23. Nb3 Qc7 24. Nc5 Nxc5 25. Qxc5 Qxc5 26. dxc5 Ke7
27. Kf2 Kd7 28. Ke2 Kc6 29. Kd2 Kxc5 30. Kc3 a5 31. b3 b5 32. a3 h6 33. h4 g5
34. hxg5 fxg5 35. fxg5 hxg5 36. g4 a4 37. b4+ Kd5 38. Kb2 Kc4 39. Kc2 e5 40.
Kd2 Kb3 0-1